| 000 | 00686nam a22001937a 4500 | ||
|---|---|---|---|
| 001 | 85964 | ||
| 003 | BD-RjUL | ||
| 005 | 20251118093457.0 | ||
| 008 | 251118s1926 pk ||||| |||| 00| 0 urd d | ||
| 035 | _a(BD-RjUL) 85964 | ||
| 040 |
_aBD-RjUL _beng _cBD-RjUL |
||
| 041 | _aurd | ||
| 082 |
_223 _a370.15 _bJAM 1926 |
||
| 100 |
_aزہیری، محمد حسین خان ;; Zuhairi, Muhammad Hussain Khan _917336 |
||
| 245 |
_aمشاہیر کے تعلیمی نظرئے / mashaher ke taalimi nazariye / _cمحمد حسین خان زہیری ;; Muhammad Hussain Khan Zuhairi |
||
| 260 |
_aKarachi : _bAkademi of Education , _c1926 |
||
| 650 |
_aEducation _v Philosophy _916358 |
||
| 942 |
_2ddc _cBK |
||
| 999 |
_c85964 _d85964 |
||